Statistics for Odd One Out

Click here to take the quiz!

General Stats

  • This quiz has been taken 39 times
    (38 since last reset)
  • The average score is 4 of 5

Answer Stats

QuestionAnswer% Correct
Pizza
100%
Car
91%
Mazda Logo
88%
Cat
82%
Steam Train
61%

Score Distribution

Percentile by Number Answered

Percent of People with Each Score

Your Score History

You have not taken this quiz since the last reset